00485pab a2200169 454500008004000000100002100040245009500061260000900156300001300165362001200178650002800190650002600218650002300244650001500267700002000282773001300302180718b2012 xxu||||| |||| 00| 0 eng d aSrivastava, S.P. aSanitation, public health and health care laws in India: Analysing theoretical foundations c2012 ap.15-35. aApr-Jun aHealth services - India aPublic health - India aSanitation - India aSanitation aMalik, Lokendra aNagarlok